Diseño e implementación de un vehículo no tripulado guiado por GPS y su controlador
Guardado en:
| Autor principal: | |
|---|---|
| Formato: | Libro |
| Publicado: |
[San José, Costa Rica]
2008
|
| Materias: | |
| Etiquetas: |
Agregar Etiqueta
Sin Etiquetas, Sea el primero en etiquetar este registro!
|
MARC
| LEADER | 00000nam a2200000Ia 4500 | ||
|---|---|---|---|
| 003 | 001149 | ||
| 005 | 20221231144058.0 | ||
| 008 | 140114s2008 cr a 000 ||s d | ||
| 040 | |c cru CEDI | ||
| 090 | |a TFG 5672 | ||
| 100 | |a Alvarado Sáenz, Esteban J. |9 4301 | ||
| 245 | |a Diseño e implementación de un vehículo no tripulado guiado por GPS y su controlador | ||
| 260 | |c 2008 |b [San José, Costa Rica] | ||
| 300 | |a xiii, 168 hojas; ilustraciones a color; + 1 disco óptico de computador ( 4 3/4 plg) | ||
| 500 | |a Proyecto de graduación (bachiller en ingeniería eléctrica)--Universidad de Costa Rica. Facultad de Ingeniería. Escuela de Ingeniería Eléctrica | ||
| 650 | |x ROBOTICA |x ROBOTS INDUSTRIALES |x CONTROLADORES LOGICOS PROGRAMABLES |x REGULADORES ELECTRICOS |x SISTEMAS DE CONTROL |9 4302 | ||
| 942 | |c TFG | ||
| 999 | |c 16587 |d 16587 | ||
